00928nam a22002177a 4500999001500000003000900015008004100024020001800065040007100083082001700154100002000171245004800191260005300239300002800292440003400320505020500354650003000559942001600589945000800605952009700613 c3947d3947AR-CdUCM190307b ||||| |||| 00| 0 spa d a968-16-1538-7 aMUNICIPALIDAD PROVINCIAL DEL CUSCOcBIBLIOTECA MUNICIPAL DEL CUSCO a869.1 /bR47 aReyes, Alfonso  aVisión de Anáhuac : by otros ensayos / aMéxico :bFondo de Cultura Económica,c1983. a169 páginas ;c21 cm. aLecturas mexicanasn14912628 aContenido: Visión de Anáhuac -- Fray Servando Teresa De Mier -- Apuntes sobre Valle-Inclán -- Rubén Dario en México -- Ruiz de Alarcón y el teatro francés -- Tránsito de Amado Nervo .. aLiteratura mexicana92532 2ddccLIBROS aafb 002ddc4070aSHbSHcCARTd2019-03-07g20.00o869.1 / R47pSH0000004517r2019-03-07yLIBROS